| 000 | 00399nam a2200157 a 4500 | ||
|---|---|---|---|
| 001 | 3682 | ||
| 005 | 20140414131906.0 | ||
| 008 | 061002s19uu xx 00 eng d | ||
| 020 | _a0-06-440055-7 | ||
| 050 |
_aFIC _bW58 1980 |
||
| 100 | _aWhite, E.B. | ||
| 245 |
_aCharlotte's web / _cby E. B. White. |
||
| 260 |
_aNew York : _bHarper Tropy, _cc1980. |
||
| 300 | _a184 p. ; cm. | ||
| 999 |
_c110939 _d110939 |
||